[Event "Lleida Region-ch"]
[Site "Lleida"]
[Date "2021.11.21"]
[Round "7"]
[White "Rodriguez Moles, Julian"]
[Black "Sasot Pueyo, Jose Manuel"]
[Result "1/2-1/2"]
[WhiteElo "1849"]
[BlackElo "1410"]
[PlyCount "67"]
[EventDate "2021.10.03"]
[EventType "swiss"]
[EventRounds "8"]
[EventCountry "ESP"]
[SourceTitle "EXT 2023"]
[Source "ChessBase"]
[SourceDate "2022.10.05"]
[SourceVersion "1"]
[SourceVersionDate "2022.10.05"]
[SourceQuality "1"]

1. Nf3 d5 2. d4 e6 3. Bf4 c5 4. e3 Nc6 5. Bb5 Qb6 6. Bxc6+ bxc6 7. b3 Ba6 8. Nbd2 Nf6 9. Qc1 cxd4 10. Nxd4 Bc5 11. N4f3 Rc8 12. c4 Qa5 13. 0-0 0-0 14. a3 Qd8 15. Rd1 Bb6 16. Nf1 Re8 17. Ng3 Qe7 18. Be5 Nd7 19. Bb2 Nc5 20. Qc3 f6 21. b4 Na4 22. Qc2 Nxb2 23. Qxb2 Bxc4 24. Rac1 a5 25. e4 Rb8 26. Nd2 Ba6 27. Rxc6 Qa7 28. Nb3 axb4 29. axb4 dxe4 30. Nd4 Rbd8 31. b5 Bb7 32. Ra1 Bxd4 33. Rxa7 Bxb2 34. Rxb7 1/2-1/2

[Event "Lleida Region-ch"]
[Site "Lleida"]
[Date "2021.10.24"]
[Round "4"]
[White "Parramon Guillaumet, Jaime"]
[Black "Sasot Pueyo, Jose Manuel"]
[Result "1-0"]
[WhiteElo "1878"]
[BlackElo "1410"]
[PlyCount "35"]
[EventDate "2021.10.03"]
[EventType "swiss"]
[EventRounds "8"]
[EventCountry "ESP"]
[SourceTitle "EXT 2023"]
[Source "ChessBase"]
[SourceDate "2022.10.05"]
[SourceVersion "1"]
[SourceVersionDate "2022.10.05"]
[SourceQuality "1"]

1. f4 c5 2. Nf3 d5 3. e3 Bg4 4. Be2 Nc6 5. 0-0 Nf6 6. b3 Qb6 7. Bb2 0-0-0 8. h3 Bd7 9. a4 a5 10. Na3 Rg8 11. Nb5 Ne4 12. Qe1 f5 13. d3 Nf6 14. Ne5 Be8 15. Nxc6 Bxc6 16. d4 e6 17. Bc3 Rd7 18. Bxa5 1-0